| 000 | 01021cam a2200205 4500 | ||
|---|---|---|---|
| 001 | WB3931-07 | ||
| 008 | 030813n2003 000 0 eng u | ||
| 035 | _a(Sirsi) u123264 | ||
| 245 | _aRetail parks show slowing returns | ||
| 260 | _c2003 | ||
| 490 |
_aLambert Smith Hampton _v 15 July 2003 (1) |
||
| 520 | _aThe latest Lambert Smith Hampton "Retail Warehouse Report" reports that retail warehousing will continue to outperform other property sectors. However the outstanding returns generated for investors by out-of-town retail property are likely to slow as the consumer boom wanes. Further highlights that while in the past retail parks have been the domain of DIY, electrical and furniture retailers, their success with consumers has attracted further high street chains. http://www.lsh.co.uk/news.htm | ||
| 590 | _aWB | ||
| 650 | _aOUT-OF-TOWN RETAILING | ||
| 650 | _aRETAIL PARKS | ||
| 650 | _aRETAIL WAREHOUSES | ||
| 650 | _aCONSUMER SPENDING | ||
| 690 | _aPROPERTY-COMMERCIAL PROPERTY | ||
| 942 | _n0 | ||
| 999 |
_c73215 _d73215 |
||